Normal view
MARC view
- Domestic fiction.
Entry Genre/Form Term
001 - CONTROL NUMBER
- control field: 4525
003 - CONTROL NUMBER IDENTIFIER
- control field: NUST
005 - DATE AND TIME OF LATEST TRANSACTION
- control field: 20170911120653.0
008 - FIXED-LENGTH DATA ELEMENTS
- fixed length control field: 170911|| aca||aabn | a|a d
040 ## - CATALOGING SOURCE
- Original cataloging agency: NUST
- Transcribing agency: NUST
155 ## - HEADING--GENRE/FORM TERM
- Genre/form term: Domestic fiction.
670 ## - SOURCE DATA FOUND
- Source citation: Work cat.: (NUST)0: Roberts, Nora. 4521, Daring to dream /, 2012.
